Представление документа в формате MARC21

ПолеНазваниеЗначение
  Тип записи a
  Библиографический уровень m
001 Контрольный номер RU\infra-m\znanium\bibl\2196507
005 Дата корректировки 20260429142214.5
008 Кодируемые данные 260305s2025 RU g rus u
020 Индекс ISBN __
a ISBN 978-5-8199-0788-7
020 Индекс ISBN __
a ISBN 978-5-16-108933-0 (электр. издание)
020 Индекс ISBN __
a ISBN 978-5-16-014084-1 (ISBN соиздателя)
040 Источник каталогиз. __
a Служба первич. каталог. Общество с ограниченной ответственностью «ЗНАНИУМ»
041 Код языка издания __
a Код языка текста rus
044 Код страны публикации __
a Код страны публикации RU
080 Индекс УДК __
a Индекс УДК [687.01+687.02](075.32)
084 Индекс другой классификации/Индекс ББК __
2 Источник индекса rubbk
a Индекс другой классификации/Индекс ББК 37.24я723
084 Индекс другой классификации/Индекс ББК __
2 Источник индекса okso
a Индекс другой классификации/Индекс ББК 29.01.04
084 Индекс другой классификации/Индекс ББК __
2 Источник индекса okso
a Индекс другой классификации/Индекс ББК 29.01.31
084 Индекс другой классификации/Индекс ББК __
2 Источник индекса okso
a Индекс другой классификации/Индекс ББК 29.01.33
084 Индекс другой классификации/Индекс ББК __
2 Источник индекса okso
a Индекс другой классификации/Индекс ББК 29.02.05
084 Индекс другой классификации/Индекс ББК __
2 Источник индекса okso
a Индекс другой классификации/Индекс ББК 29.02.10
084 Индекс другой классификации/Индекс ББК __
2 Источник индекса okso
a Индекс другой классификации/Индекс ББК 54.01.05
100 Автор __
a Автор Орленко Л.В.
q Полное имя Орленко Любовь Васильевна
u Дополнение Московский государственный университет технологий и управления им. К.Г. Разумовского, Институт менед
245 Заглавие __
a Заглавие Конфекционирование материалов для одежды
b Продолж. заглавия Учебное пособие
c Ответственность Московский государственный университет технологий и управления им. К.Г. Разумовского, Институт менед; Российский государственный университет туризма и сервиса
250 Сведения об издании __
a Основные сведения об издании 1
260 Выходные данные __
a Место издания Москва
b Издательство Издательский Дом "ФОРУМ"
c Дата издания 2025
300 Физическое описание __
a Объем 287 с.
440 Серия __
a Серия Среднее профессиональное образование
520 Аннотация __
a Аннотация Учебное пособие посвящено вопросу современного материаловедения — рациональному и научно обоснованному выбору материалов используемых при изготовлении различных видов швейных изделий. Рассмотрены основные принципы задачи и организация конфекционирования материалов связи конфекционирования с маркетингом и качеством одежды; освещены вопросы конфекционирования материалов для отдельных групп и видов одежды; сформулированы требования к свойствам материалов и даны сведения об их ассортименте для конкретных видов изделий; дана характеристика основных ассортиментов групп всех видов материалов (текстильных и нетекстильных) которые применяются в настоящее время в производстве одежды. В приложение включен раздел об организации деловой игры при конфекционировании материалов выполнение которой будет способствовать развитию у студентов творческого комплексного подхода к решению практических задач закреплению полученных знаний. Для студентов учреждений среднего профессионального образования обучающихся по специальностям 29.02.04 «Конструирование моделирование и технология швейных изделий» 29.02.05 «Технология текстильных изделий (по видам)».
521 Примеч. о цел. назн. __
a Примеч. о целев. назн. Среднее профессиональное образование
650 Тематические рубрики __
a Основная рубрика Промышленность. Энергетика
x Основная подрубрика Энергетика
655 Указ. предметных рубрик (устаревшее) __
a Жанр/ форма (устаревшее) Учебное пособие
700 Другие авторы __
a Другие авторы Гаврилова Н. И.
q Полное имя Гаврилова Нелли Ивановна
856 Электронный адрес документа 4_
a Имя сервера/домена znanium.ru
m Помощь ebs_support@infra-m.ru
n Местонахождение сервера НИЦ ИНФРА-М
u URL https://znanium.ru/catalog/document?id=460935
856 Электронный адрес документа 48
a Имя сервера/домена znanium.ru
d Путь /cover/2196
f Электронное имя 2196507.jpg
q Тип электронного формата image/jpeg
u URL https://znanium.ru/cover/2196/2196507.jpg
911 __
u 0030=https://znanium.ru/catalog/document?id=460935
911 __
u 712a=Российский государственный университет туризма и сервиса